Guide to New York City landmarks / (Record no. 122638)
[ view plain ]
| 000 -LEADER | |
|---|---|
| fixed length control field | 01116cam a2200289 a 4500 |
| 001 - CONTROL NUMBER | |
| control field | vtls003141792 |
| 003 - CONTROL NUMBER IDENTIFIER | |
| control field | MY-SjTCS |
| 005 - DATE AND TIME OF LATEST TRANSACTION | |
| control field | 20200226113834.0 |
| 008 - FIXED-LENGTH DATA ELEMENTS--GENERAL INFORMATION | |
| fixed length control field | 090508s2009 njuab 001 0 eng d |
| 020 ## - INTERNATIONAL STANDARD BOOK NUMBER | |
| International Standard Book Number | 9780470289631 (pbk.) |
| 039 #9 - LEVEL OF BIBLIOGRAPHIC CONTROL AND CODING DETAIL [OBSOLETE] | |
| Level of rules in bibliographic description | 200908031653 |
| Level of effort used to assign nonsubject heading access points | siew_eng |
| Level of effort used to assign subject headings | 200907161401 |
| Level of effort used to assign classification | shuhada |
| Level of effort used to assign subject headings | 200907161324 |
| Level of effort used to assign classification | shuhada |
| -- | 200905081721 |
| -- | wei haan |
| 043 ## - GEOGRAPHIC AREA CODE | |
| Geographic area code | n-us-ny |
| 082 04 - DEWEY DECIMAL CLASSIFICATION NUMBER | |
| Classification number | 917.4710444 |
| Item number | DOL |
| 100 1# - MAIN ENTRY--PERSONAL NAME | |
| Personal name | Dolkart, Andrew. |
| 9 (RLIN) | 34557 |
| 245 10 - TITLE STATEMENT | |
| Title | Guide to New York City landmarks / |
| Statement of responsibility, etc. | New York City Landmarks Preservation Commission ; text by Andrew S. Dolkart, Matthew A. Postal. |
| 246 10 - VARYING FORM OF TITLE | |
| Title proper/short title | New York City landmarks |
| 250 ## - EDITION STATEMENT | |
| Edition statement | 4th ed. |
| 260 ## - PUBLICATION, DISTRIBUTION, ETC. | |
| Place of publication, distribution, etc. | Hoboken, N.J. : |
| Name of publisher, distributor, etc. | John Wiley, |
| Date of publication, distribution, etc. | c2009. |
| 300 ## - PHYSICAL DESCRIPTION | |
| Extent | xii, 451 p. : |
| Other physical details | ill., maps ; |
| Dimensions | 23 cm. |
| 500 ## - GENERAL NOTE | |
| General note | Includes index. |
| 650 #0 - SUBJECT ADDED ENTRY--TOPICAL TERM | |
| Topical term or geographic name entry element | Historic sites |
| Geographic subdivision | New York (N.Y.) |
| Form subdivision | Guidebooks. |
| 651 #0 - SUBJECT ADDED ENTRY--GEOGRAPHIC NAME | |
| Geographic name | New York (N.Y.) |
| General subdivision | Buildings, structures, etc. |
| Form subdivision | Guidebooks. |
| 651 #0 - SUBJECT ADDED ENTRY--GEOGRAPHIC NAME | |
| Geographic name | New York (N.Y.) |
| Form subdivision | Guidebooks. |
| 9 (RLIN) | 24508 |
| 700 1# - ADDED ENTRY--PERSONAL NAME | |
| Personal name | Postal, Matthew A. |
| 9 (RLIN) | 34558 |
| 710 1# - ADDED ENTRY--CORPORATE NAME | |
| Corporate name or jurisdiction name as entry element | New York (N.Y.). |
| Subordinate unit | Landmarks Preservation Commission. |
| 9 (RLIN) | 34559 |
| 920 ## - Programme | |
| Programme | BLT(DIP): 528121 |
| Withdrawn status | Lost status | Source of classification or shelving scheme | Damaged status | Not for loan | Home library | Current library | Date acquired | Total Checkouts | Barcode | Date last seen | Date last checked out | Copy number | Uniform Resource Identifier | Koha item type | Public note |
|---|---|---|---|---|---|---|---|---|---|---|---|---|---|---|---|
| Dewey Decimal Classification | Taylor's Library-TU | Taylor's Library-TU | 16/07/2009 | 1 | 5000043269 | 05/12/2019 | 21/02/2014 | 1 | Floor 4, Shelf 36 , Side 2, TierNo 1, BayNo 6 | Main Collection | SABDx,23003,02,GR |